| 000 | 00585nam a2200217Ia 4500 | ||
|---|---|---|---|
| 003 | IIN | ||
| 005 | 20250328153521.0 | ||
| 008 | 250328s9999 xx adc 001 0 eng d | ||
| 020 |
_cRs.1740.00 _a9788131262894 |
||
| 040 |
_aIIN _bEnglish |
||
| 082 |
_a615.854 _bNIX |
||
| 100 | 1 | _aNix, Staci | |
| 245 | 1 |
_aWilliams' Basic Nutrition and Diet Therapy _cStaci Nix |
|
| 250 |
_a16th ed _bSouth Asia Edition |
||
| 260 |
_bElsevier _aNew Delhi _c2022 |
||
| 300 |
_axvi, 553 p. _bcol. ill. |
||
| 500 | _aIncludes Index | ||
| 650 | 1 | _aNutrition | |
| 650 | 1 | _aDiet Therapy | |
| 942 | _cBOOK | ||
| 999 |
_c1720 _d1720 |
||